| 000 | 00852nam a22002297a 4500 | ||
|---|---|---|---|
| 999 |
_c19705 _d19705 |
||
| 003 | AR-CdUCM | ||
| 008 | 190520b ||||| |||| 00| 0 spa d | ||
| 040 |
_aMUNICIPALIDAD PROVINCIAL DEL CUSCO _cBIBLIOTECA MUNICIPAL DEL CUSCO |
||
| 082 |
_a980 / _bA49 |
||
| 110 |
_aInstituto Peruano de estudios de desarrollo _941209 |
||
| 245 | _aPolítica nacional e internacional de América Latina en el año 2000 / | ||
| 260 |
_aLima : _bUniversal, |
||
| 300 |
_a159 páginas ; _c23 cm. |
||
| 440 |
_nSimposio II _941210 |
||
| 505 | _aContenido : El proceso de reflexión en el cuadro del desarrollo paradigma trófico -- El paradigma distrófico... | ||
| 650 |
_aParadigma trófico _941211 |
||
| 650 |
_aParadigma distrófico _941212 |
||
| 650 |
_aElemento subjetivo _941213 |
||
| 650 |
_aExtremo objetivo _941214 |
||
| 942 |
_2ddc _cLIBROS |
||
| 945 | _arcc | ||